<?xml version="1.0" encoding="UTF-8"?>
<record
    xmlns:xsi="http://www.w3.org/2001/XMLSchema-instance"
    xsi:schemaLocation="http://www.loc.gov/MARC21/slim http://www.loc.gov/standards/marcxml/schema/MARC21slim.xsd"
    xmlns="http://www.loc.gov/MARC21/slim">

  <leader>00570    a2200193   4500</leader>
  <controlfield tag="001">59332</controlfield>
  <controlfield tag="005">20260407155847.0</controlfield>
  <controlfield tag="008">260407a1990    arg                 spa d</controlfield>
  <controlfield tag="003">AR-UNSa-BCEJYS</controlfield>
  <datafield tag="040" ind1=" " ind2=" ">
    <subfield code="a">AR-UNSa-BCEJYS</subfield>
    <subfield code="b">spa</subfield>
    <subfield code="c">AR-UNSa-BCEJYS</subfield>
  </datafield>
  <datafield tag="080" ind1=" " ind2=" ">
    <subfield code="a">339.92</subfield>
    <subfield code="x">Cooperaci&#xF3;n econ&#xF3;mica internacional. Integraci&#xF3;n econ&#xF3;mica internacional</subfield>
  </datafield>
  <datafield tag="245" ind1="1" ind2="0">
    <subfield code="a">Argentina- Brasil</subfield>
  </datafield>
  <datafield tag="020" ind1=" " ind2=" ">
    <subfield code="a">950-718-009-5</subfield>
  </datafield>
  <datafield tag="264" ind1=" " ind2="1">
    <subfield code="a">Buenos Aires :</subfield>
    <subfield code="b">Tesis</subfield>
    <subfield code="c">1990</subfield>
  </datafield>
  <datafield tag="300" ind1=" " ind2=" ">
    <subfield code="a">389 p.</subfield>
    <subfield code="c">20 cm.</subfield>
  </datafield>
  <datafield tag="942" ind1=" " ind2=" ">
    <subfield code="c">BK</subfield>
  </datafield>
  <datafield tag="590" ind1=" " ind2=" ">
    <subfield code="a">niveau_biblio:m niveau_hierar:0</subfield>
  </datafield>
  <datafield tag="100" ind1="1" ind2=" ">
    <subfield code="a">Hirst, M&#xF3;nica</subfield>
  </datafield>
  <datafield tag="999" ind1=" " ind2=" ">
    <subfield code="c">6652</subfield>
    <subfield code="d">6652</subfield>
  </datafield>
  <datafield tag="952" ind1=" " ind2=" ">
    <subfield code="0">0</subfield>
    <subfield code="1">0</subfield>
    <subfield code="4">0</subfield>
    <subfield code="7">0</subfield>
    <subfield code="a">BCEJYS</subfield>
    <subfield code="b">BCEJYS</subfield>
    <subfield code="c">16</subfield>
    <subfield code="d">2026-04-07</subfield>
    <subfield code="l">0</subfield>
    <subfield code="o">339.92 H669</subfield>
    <subfield code="p">L58909</subfield>
    <subfield code="r">2026-04-07 15:58:47</subfield>
    <subfield code="w">2026-04-07</subfield>
    <subfield code="y">L</subfield>
    <subfield code="z">Primera parte: Perspectivas Comparativas: 1. Econom&#xED;a - 2. Pol&#xED;tica - Segunda parte: Los avances de la integraci&#xF3;n: 3. Balance econ&#xF3;mico - 4. La agenda militar y tecnol&#xF3;gica - 5. El discurso pol&#xED;tico - </subfield>
  </datafield>
</record>
